000
00308nam a22000977a 4500
008
150722b xxu||||| |||| 00| 0 eng d
010
_8
HCCRSARF:035
245
_a
HIGH COURT CRIMINAL SESSION NO.115 OF 1976 Uganda Vs Matiya Makumu
260
_a
High Court Kampala
500
_3
BEFORE: Hon. Mr. Justice F.K. Butagira
999
_c
8045
_d
8045